[Event "Mercredi 2022.03.02 ABCDE"]
[Site "Montreal CAN"]
[Date "2022.03.16"]
[Round "3"]
[White "Guindon, Alex"]
[Black "Neron, Raynald"]
[Result "1-0"]
[WhiteElo "1514"]
[BlackElo "1559"]
[PlyCount "43"]
[EventDate "2022.03.02"]
[EventType "tourn"]
[EventRounds "5"]
[EventCountry "CAN"]

1. d4 Nf6 2. Bf4 g6 3. e3 Bg7 4. Nf3 O-O 5. h3 c5 6. c3 Qb6 7. Qc1 Nc6 8. Bd3
cxd4 9. exd4 e5 10. Bxe5 Nxe5 11. Nxe5 d6 12. Nc4 Re8+ 13. Ne3 Bh6 14. O-O Nd5
15. Nxd5 Bxc1 16. Nxb6 Bxb2 17. Nxa8 Bxa1 18. Nc7 Rd8 19. Bc4 Bf5 20. Nd5 Be6
21. Nd2 Bxd5 22. Rxa1 1-0

[Event "Mercredi 2022.03.02 ABCDE"]
[Site "Montreal CAN"]
[Date "2022.03.16"]
[Round "3"]
[White "Johnson-Constantin, Mathieu"]
[Black "Rodrigue-Lemieux, Shawn"]
[Result "0-1"]
[WhiteElo "2134"]
[BlackElo "2417"]
[PlyCount "50"]
[EventDate "2022.03.02"]
[EventType "tourn"]
[EventRounds "5"]
[EventCountry "CAN"]

1. e4 c6 2. d4 d5 3. f3 e6 4. Nc3 Bb4 5. Bf4 Ne7 6. Qd3 b6 7. Nge2 Ba6 8. Qe3
O-O 9. O-O-O c5 10. a3 Bxc3 11. Qxc3 Bxe2 12. Bxe2 c4 13. Bxb8 Rxb8 14. e5 a5
15. a4 b5 16. axb5 Rxb5 17. Qa3 Nc6 18. f4 Qb6 19. c3 Rb3 20. Qa1 a4 21. Kc2
Rb8 22. Rb1 Nxd4+ 23. cxd4 Qxd4 24. Rhe1 Qe4+ 25. Kd1 c3 0-1

[Event "Mercredi 2022.03.02 ABCDE"]
[Site "Montreal CAN"]
[Date "2022.03.16"]
[Round "3"]
[White "Kozlov, Guennadi"]
[Black "Jean, Robert"]
[Result "0-1"]
[WhiteElo "1905"]
[BlackElo "1785"]
[PlyCount "106"]
[EventDate "2022.03.02"]
[EventType "tourn"]
[EventRounds "5"]
[EventCountry "CAN"]

1. e4 c5 2. Nf3 Nc6 3. d4 cxd4 4. c3 Nf6 5. e5 Nd5 6. cxd4 d6 7. Bc4 Nb6 8. Bb3
dxe5 9. Nxe5 Nxe5 10. dxe5 Qxd1+ 11. Bxd1 g6 12. Nc3 Bg7 13. f4 Bd7 14. Bf3 Bc6
15. Ne4 Nd5 16. Bd2 O-O 17. Kf2 h6 18. h4 Rac8 19. Rac1 b6 20. Bg4 Rc7 21. Bf3
Rfc8 22. Bg4 Rd8 23. Rc2 f5 24. exf6 Nxf6 25. Be6+ Kf8 26. Nc3 Be4 27. Rhc1
Bxc2 28. Rxc2 Ne4+ 29. Ke3 Rxd2 30. Rxd2 Nxd2 31. Kxd2 Rc6 32. f5 gxf5 33. Bxf5
Rf6 34. Be4 Rf2+ 35. Ne2 Bxb2 36. Bf3 Rf1 37. Ng3 Rf2+ 38. Ke3 Rc2 39. Kd3 Rc3+
40. Kd2 Rc7 41. Ne4 b5 42. Nf2 a5 43. Nd3 Bc3+ 44. Ke2 Bf6 45. Nf4 Rc2+ 46. Kd3
Rxa2 47. Ng6+ Kg7 48. h5 Ra3+ 49. Kc2 b4 50. Bd5 Rc3+ 51. Kb1 a4 52. Nf4 b3 53.
Ne6+ Kh8 0-1

[Event "Mercredi 2022.03.02 ABCDE"]
[Site "Montreal CAN"]
[Date "2022.03.16"]
[Round "3"]
[White "Latorre, Vincent"]
[Black "Batorshyn, Ilia"]
[Result "1-0"]
[WhiteElo "1970"]
[BlackElo "1709"]
[PlyCount "75"]
[EventDate "2022.03.02"]
[EventType "tourn"]
[EventRounds "5"]
[EventCountry "CAN"]

1. e4 c6 2. d4 d5 3. exd5 cxd5 4. Bd3 Nf6 5. c3 Bg4 6. Ne2 e6 7. Bf4 Nc6 8. O-O
Bd6 9. Bg3 Bxg3 10. fxg3 Qb6 11. Qb3 Bxe2 12. Bxe2 Qc7 13. Nd2 h5 14. Nf3 O-O-O
15. a4 Ng4 16. a5 h4 17. Ng5 Nf6 18. a6 b6 19. g4 Rh6 20. h3 Rg6 21. Nf3 Ne4
22. Bb5 Na5 23. Qc2 Rf6 24. b4 Nc4 25. Bxc4 Qxc4 26. Ne5 Qc7 27. b5 Rxf1+ 28.
Rxf1 f6 29. Nc6 Re8 30. c4 Nd6 31. c5 Nxb5 32. cxb6 axb6 33. Rc1 Kd7 34. Qg6
Qg3 35. Qc2 Qc7 36. a7 Nxd4 37. Nb8+ Qxb8 38. axb8=N+ 1-0

[Event "Mercredi 2022.03.02 ABCDE"]
[Site "Montreal CAN"]
[Date "2022.03.16"]
[Round "3"]
[White "Lopez Linares, Lizandro"]
[Black "Genzling, Jerome"]
[Result "1/2-1/2"]
[WhiteElo "2217"]
[BlackElo "2009"]
[PlyCount "126"]
[EventDate "2022.03.02"]
[EventType "tourn"]
[EventRounds "5"]
[EventCountry "CAN"]

1. d4 d5 2. Nf3 e6 3. c4 a6 4. cxd5 exd5 5. Nc3 c6 6. Qc2 Nf6 7. Bg5 Be6 8. e3
h6 9. Bh4 Bd6 10. Bd3 Nbd7 11. O-O O-O 12. Na4 Re8 13. Nc5 Nxc5 14. dxc5 Be7
15. b4 Ne4 16. Bxe7 Rxe7 17. Nd4 Qc7 18. a4 Rf8 19. Rfc1 f5 20. f3 Ng5 21. h4
Nf7 22. f4 Bd7 23. Qf2 h5 24. Ra3 Nh6 25. Be2 Ng4 26. Bxg4 fxg4 27. Rac3 Bf5
28. b5 axb5 29. axb5 Be4 30. Ra3 Ree8 31. bxc6 bxc6 32. Ra6 Rf6 33. g3 Rb8 34.
Qa2 Rb7 35. Ra1 Kh7 36. Ra8 Rf7 37. Ne6 Qe7 38. Ng5+ Kg6 39. Qd2 Rf6 40. Qd4
Rb5 41. R1a7 Rb7 42. Ra1 Rb5 43. Rc1 Qb7 44. Raa1 Rb4 45. Qe5 Qb8 46. Qe7 Rb7
47. Qe5 Qxe5 48. fxe5 Rf5 49. Ra6 Rc7 50. e6 Bd3 51. Rb6 Kf6 52. Rc3 Bb5 53.
Ra3 Rf1+ 54. Kg2 Rc1 55. Ra8 Rc2+ 56. Kg1 Rxc5 57. Rf8+ Ke5 58. Rbb8 Ra7 59.
Ra8 Rc1+ 60. Kg2 Rc2+ 61. Kg1 Rc1+ 62. Kg2 Rc2+ 63. Kg1 Rc1+ 1/2-1/2

[Event "Mercredi 2022.03.02 ABCDE"]
[Site "Montreal CAN"]
[Date "2022.03.16"]
[Round "3"]
[White "Milosz, Jerzy"]
[Black "Martel, Paul"]
[Result "1/2-1/2"]
[WhiteElo "1578"]
[BlackElo "1609"]
[PlyCount "102"]
[EventDate "2022.03.02"]
[EventType "tourn"]
[EventRounds "5"]
[EventCountry "CAN"]

1. e4 e6 2. d4 d5 3. exd5 exd5 4. Bd3 Bd6 5. Qf3 Nf6 6. h3 h6 7. Ne2 O-O 8.
Nbc3 c6 9. Bf4 Be6 10. O-O Nh7 11. Qg3 Bxf4 12. Nxf4 Qf6 13. Nxe6 fxe6 14.
Bxh7+ Kxh7 15. Qd3+ g6 16. Rae1 Nd7 17. Re3 e5 18. Rf3 Qe6 19. Rxf8 Rxf8 20.
Qe3 Qf5 21. dxe5 Nxe5 22. f4 Nc4 23. Qxa7 Rf7 24. Qf2 Nxb2 25. g4 Qf6 26. Ne2
Nc4 27. Qd4 Nd6 28. Qxf6 Rxf6 29. Kg2 Nc4 30. Rf3 Re6 31. Kf2 Nd2 32. Re3 Ne4+
33. Kf3 Kg7 34. Ng3 Nd2+ 35. Ke2 Rxe3+ 36. Kxe3 Nc4+ 37. Kd4 b6 38. f5 Kf6 39.
fxg6 Kxg6 40. Nf5 Kg5 41. Ne7 c5+ 42. Kxd5 Ne3+ 43. Kc6 Nxc2 44. Kxb6 Nb4 45.
Kxc5 Nxa2 46. Nf5 h5 47. Ne3 Nc3 48. gxh5 Kxh5 49. Ng2 Ne4+ 50. Kd4 Ng5 51.
Nf4+ Kh4 1/2-1/2

[Event "Mercredi 2022.03.02 ABCDE"]
[Site "Montreal CAN"]
[Date "2022.03.16"]
[Round "3"]
[White "Shahabi, Shahab"]
[Black "Millette, Sylvain"]
[Result "0-1"]
[WhiteElo "1551"]
[BlackElo "1630"]
[PlyCount "66"]
[EventDate "2022.03.02"]
[EventType "tourn"]
[EventRounds "5"]
[EventCountry "CAN"]

1. d4 Nf6 2. Nf3 g6 3. e3 Bg7 4. Bd3 d5 5. Nbd2 c6 6. c3 Bg4 7. Qb3 Qb6 8. Ne5
Be6 9. c4 Qxb3 10. Nxb3 dxc4 11. Bxc4 Bxc4 12. Nxc4 b6 13. Ke2 Nbd7 14. Bd2 O-O
15. Rhd1 Rfe8 16. Rac1 Rac8 17. Rc2 Ne4 18. f3 Nxd2 19. Nbxd2 c5 20. dxc5 Nxc5
21. b3 Red8 22. Nb2 Bxb2 23. Rxb2 Nd3 24. Rdb1 Nxb2 25. Rxb2 b5 26. Ne4 f5 27.
Nf2 Rc3 28. e4 e6 29. Rd2 Rxd2+ 30. Kxd2 Rc6 31. e5 Ra6 32. a4 bxa4 33. bxa4
Rxa4 0-1

[Event "Mercredi 2022.03.02 ABCDE"]
[Site "Montreal CAN"]
[Date "2022.03.23"]
[Round "4"]
[White "Batorshyn, Ilia"]
[Black "Hagopian, Christian"]
[Result "1-0"]
[WhiteElo "1709"]
[BlackElo "1908"]
[PlyCount "59"]
[EventDate "2022.03.02"]
[EventType "tourn"]
[EventRounds "5"]
[EventCountry "CAN"]

1. c4 c5 2. g3 g6 3. Bg2 Bg7 4. Nc3 Nf6 5. e4 d6 6. Nge2 e5 7. O-O Nc6 8. d3
O-O 9. h3 h6 10. Be3 Be6 11. Nd5 Bxd5 12. cxd5 Nd4 13. Qd2 Nxe2+ 14. Qxe2 Kh7
15. a3 b6 16. b4 Rb8 17. Kh2 h5 18. Rab1 Bh6 19. f4 Ne8 20. fxe5 Bxe3 21. Qxe3
cxb4 22. exd6 Nxd6 23. axb4 Qe7 24. e5 f6 25. d4 Rbe8 26. Qc3 fxe5 27. Rxf8
Rxf8 28. dxe5 Nf7 29. Rf1 Re8 30. d6 1-0

[Event "Mercredi 2022.03.02 ABCDE"]
[Site "Montreal CAN"]
[Date "2022.03.23"]
[Round "4"]
[White "Destree, Frederic"]
[Black "Kozlov, Guennadi"]
[Result "1-0"]
[WhiteElo "1833"]
[BlackElo "1905"]
[PlyCount "103"]
[EventDate "2022.03.02"]
[EventType "tourn"]
[EventRounds "5"]
[EventCountry "CAN"]

1. Nf3 Nf6 2. g3 b6 3. Bg2 Bb7 4. O-O g6 5. d4 Bg7 6. c4 O-O 7. Nc3 d6 8. Qc2
Nbd7 9. Bg5 Re8 10. Rfd1 c5 11. dxc5 Nxc5 12. Rac1 Qc8 13. Nd5 Nce4 14. Be3
Nxd5 15. cxd5 Qxc2 16. Rxc2 Rac8 17. Rdc1 Rxc2 18. Rxc2 Rc8 19. Rxc8+ Bxc8 20.
Nd4 Bxd4 21. Bxd4 Nc5 22. b4 Na6 23. Bc3 Nc7 24. e4 e6 25. dxe6 fxe6 26. f4 Kf7
27. Kf2 Bd7 28. Bf1 Bc6 29. Ke3 Ke7 30. Bc4 d5 31. exd5 exd5 32. Bb3 b5 33. h3
Ne8 34. Be5 Nd6 35. Bxd6+ Kxd6 36. Kd4 Bd7 37. g4 Be6 38. Bc2 Bf7 39. h4 h6 40.
a4 bxa4 41. Bxa4 Be6 42. Bd1 Bd7 43. Bf3 Be6 44. Be2 Bd7 45. Bd3 Bxg4 46. Bxg6
Be6 47. f5 Bg8 48. f6 Ke6 49. f7 Bxf7 50. Bxf7+ Kxf7 51. Kxd5 Ke7 52. Kc6 1-0

[Event "Mercredi 2022.03.02 ABCDE"]
[Site "Montreal CAN"]
[Date "2022.03.23"]
[Round "4"]
[White "Di Matteo, Alessio"]
[Black "Beaulieu, Pierre"]
[Result "1-0"]
[WhiteElo "1766"]
[BlackElo "1896"]
[PlyCount "103"]
[EventDate "2022.03.02"]
[EventType "tourn"]
[EventRounds "5"]
[EventCountry "CAN"]

1. d4 Nf6 2. c4 c5 3. d5 b5 4. cxb5 a6 5. bxa6 Bxa6 6. Nc3 d6 7. Nf3 g6 8. g3
Bg7 9. Bg2 Nbd7 10. Rb1 O-O 11. O-O Ne8 12. Qc2 Nc7 13. b3 Bxc3 14. Qxc3 Nxd5
15. Qb2 N5f6 16. Bh6 Re8 17. Ng5 Rb8 18. Rfd1 Qc7 19. Bd5 e6 20. Ne4 Nh5 21. g4
exd5 22. gxh5 d4 23. Ng3 f6 24. Qc2 Ne5 25. Rxd4 Qd7 26. Ra4 Bb5 27. Ra5 Bc6
28. f3 Qh3 29. Rf1 Rb4 30. e4 Rd4 31. Ra7 Bb5 32. Rf2 Nd3 33. Rg7+ Kh8 34. hxg6
hxg6 35. Rxg6 Kh7 36. Rg7+ Kh8 37. Rg6 Re7 38. Be3 Rh7 39. Bxd4 cxd4 40. Nf5
Nc5 41. Rfg2 Rc7 42. Rh6+ Qxh6 43. Nxh6 Ne6 44. Qd2 d3 45. Nf5 Ng5 46. Rxg5
fxg5 47. Qxg5 Be8 48. Qf6+ Kh7 49. Qh6+ Kg8 50. Qe6+ Kh7 51. Qxe8 d2 52. Ne3
1-0

[Event "Mercredi 2022.03.02 ABCDE"]
[Site "Montreal CAN"]
[Date "2022.03.23"]
[Round "4"]
[White "Genzling, Jerome"]
[Black "Cardin, Guillaume"]
[Result "1/2-1/2"]
[WhiteElo "2009"]
[BlackElo "2010"]
[PlyCount "74"]
[EventDate "2022.03.02"]
[EventType "tourn"]
[EventRounds "5"]
[EventCountry "CAN"]

1. e4 c5 2. Nf3 Nc6 3. Nc3 e5 4. Bc4 Be7 5. d3 Nf6 6. h3 O-O 7. Be3 d6 8. a3
Be6 9. Nd5 b5 10. Nxe7+ Nxe7 11. Bxe6 fxe6 12. O-O Ng6 13. c3 Qd7 14. Qb3 Nh5
15. Nh2 Nhf4 16. Rad1 Nxd3 17. Rxd3 c4 18. Rxd6 Qxd6 19. Qxb5 Rfc8 20. Qa4 Nf4
21. Rd1 Qc6 22. Qc2 Rd8 23. f3 h5 24. Nf1 a6 25. Ng3 g6 26. Ne2 Rxd1+ 27. Qxd1
Nxe2+ 28. Qxe2 Rd8 29. Kh2 Rd3 30. Qf2 Kg7 31. Bc1 Rd7 32. Qe3 Kf7 33. Qh6 Qc5
34. Qh7+ Kf6 35. Qh6 Kf7 36. Qh7+ Kf6 37. Qh6 Kf7 1/2-1/2

[Event "Mercredi 2022.03.02 ABCDE"]
[Site "Montreal CAN"]
[Date "2022.03.23"]
[Round "4"]
[White "Guindon, Alex"]
[Black "Millette, Sylvain"]
[Result "1-0"]
[WhiteElo "1514"]
[BlackElo "1630"]
[PlyCount "35"]
[EventDate "2022.03.02"]
[EventType "tourn"]
[EventRounds "5"]
[EventCountry "CAN"]

1. d4 Nf6 2. Bf4 g6 3. e3 d5 4. Bd3 Bg7 5. Nf3 Bg4 6. h3 Bxf3 7. Qxf3 O-O 8.
O-O c5 9. c3 c4 10. Bc2 Nc6 11. Nd2 Re8 12. e4 e5 13. exd5 Nxd4 14. cxd4 exf4
15. Nxc4 Rc8 16. Bb3 Qxd5 17. Qxd5 Nxd5 18. Nd6 1-0

[Event "Mercredi 2022.03.02 ABCDE"]
[Site "Montreal CAN"]
[Date "2022.03.23"]
[Round "4"]
[White "Jean, Robert"]
[Black "Chapdelaine, Gwyn"]
[Result "0-1"]
[WhiteElo "1785"]
[BlackElo "1709"]
[PlyCount "82"]
[EventDate "2022.03.02"]
[EventType "tourn"]
[EventRounds "5"]
[EventCountry "CAN"]

1. d4 Nf6 2. c4 e6 3. Nc3 d5 4. cxd5 exd5 5. Bg5 Be6 6. e3 Bd6 7. Bd3 c6 8. Qc2
h6 9. Bh4 O-O 10. Nge2 Re8 11. Bg3 Bxg3 12. Nxg3 c5 13. O-O cxd4 14. exd4 Nc6
15. Qa4 Qb6 16. Bb5 Rac8 17. Nge2 a6 18. Bxc6 Rxc6 19. Qa3 Bf5 20. Rfd1 Qc7 21.
h3 Qd7 22. Ng3 Bxh3 23. Re1 Bg4 24. Qb3 Be6 25. Rad1 Bg4 26. Rxe8+ Qxe8 27. f3
Qe3+ 28. Kh2 Qg5 29. Qxb7 Re6 30. Qb8+ Re8 31. Qd6 Re3 32. Nf1 Rxf3 33. gxf3
Bxf3 34. Qg3 Qh5+ 35. Kg1 Bxd1 36. Ne3 Bf3 37. Kf2 Ne4+ 38. Nxe4 Bxe4 39. Ng4
Qg5 40. Qb8+ Kh7 41. Ne5 Qd2+ 0-1

[Event "Mercredi 2022.03.02 ABCDE"]
[Site "Montreal CAN"]
[Date "2022.03.23"]
[Round "4"]
[White "Latorre, Vincent"]
[Black "Barko, Maxim"]
[Result "1-0"]
[WhiteElo "1970"]
[BlackElo "1945"]
[PlyCount "95"]
[EventDate "2022.03.02"]
[EventType "tourn"]
[EventRounds "5"]
[EventCountry "CAN"]

1. e4 e6 2. d4 d5 3. Nc3 Bb4 4. exd5 exd5 5. Bd3 Ne7 6. a3 Bd6 7. Qf3 c6 8. Be3
Nd7 9. Nge2 Qc7 10. h3 Nf8 11. g3 Nfg6 12. h4 h5 13. Bg5 f6 14. Bxg6+ Nxg6 15.
Qd3 Kf7 16. Bd2 a5 17. a4 Ne7 18. Bf4 Bf5 19. Qf3 Bxc2 20. Rc1 Bf5 21. Nxd5
Nxd5 22. Bxd6 Qd7 23. Bf4 Rae8 24. Qb3 Qe6 25. Be3 Qe4 26. O-O Bh3 27. Nf4 Bxf1
28. Rxf1 Re7 29. Rc1 Qf3 30. Nxd5 Qxd5 31. Qxd5+ cxd5 32. Rc5 b6 33. Rxd5 Rc8
34. Rb5 Re6 35. d5 Rd6 36. Bf4 Rd7 37. d6 Rc6 38. Kg2 g6 39. Kf3 Ke6 40. Ke3
Rb7 41. Kd4 Rc2 42. b4 axb4 43. a5 Ra2 44. Rxb6 Ra7 45. Rxb4 R7xa5 46. Rb7 f5
47. Re7+ Kf6 48. Bg5# 1-0

[Event "Mercredi 2022.03.02 ABCDE"]
[Site "Montreal CAN"]
[Date "2022.03.23"]
[Round "4"]
[White "Lopez Linares, Lizandro"]
[Black "Johnson-Constantin, Mathieu"]
[Result "1/2-1/2"]
[WhiteElo "2217"]
[BlackElo "2134"]
[PlyCount "110"]
[EventDate "2022.03.02"]
[EventType "tourn"]
[EventRounds "5"]
[EventCountry "CAN"]

1. d4 Nf6 2. c4 g6 3. Nc3 Bg7 4. e4 d6 5. Nf3 O-O 6. Be2 e5 7. O-O Nc6 8. d5
Ne7 9. b4 a5 10. Ba3 axb4 11. Bxb4 b6 12. a4 Ne8 13. Ne1 c5 14. Ba3 f5 15. f3
f4 16. Nd3 g5 17. Nf2 h5 18. Qb3 Nf6 19. Rfb1 Ra6 20. Qd1 Rf7 21. Bc1 Bf8 22.
Rb3 Kh8 23. Bd2 Rg7 24. h3 Neg8 25. Kf1 Nh6 26. Qc1 Nf7 27. Qb2 g4 28. hxg4
hxg4 29. Rb1 g3 30. Nd3 Rh7 31. Ke1 Nd7 32. Kd1 Qf6 33. Kc2 Be7 34. a5 Bd8 35.
axb6 Nxb6 36. Ne1 Rh1 37. Ra1 Rxa1 38. Qxa1 Bh3 39. Qa7 Rxe1 40. Bxe1 Bxg2 41.
Rxb6 Bxb6 42. Qxb6 Ng5 43. Qb8+ Kg7 44. Nb5 Bxf3 45. Nxd6 Bxe4+ 46. Kb3 Bg6 47.
Qa7+ Kh6 48. Qxc5 f3 49. Bd2 fxe2 50. Qe3 e1=Q 51. Qxe1 Qxd6 52. Qxg3 Qb6+ 53.
Ka3 Qa7+ 54. Kb3 Bc2+ 55. Kb2 Qd4+ 1/2-1/2

[Event "Mercredi 2022.03.02 ABCDE"]
[Site "Montreal CAN"]
[Date "2022.03.23"]
[Round "4"]
[White "Milosz, Jerzy"]
[Black "Bardyn, Renaud"]
[Result "0-1"]
[WhiteElo "1578"]
[BlackElo "1722"]
[PlyCount "58"]
[EventDate "2022.03.02"]
[EventType "tourn"]
[EventRounds "5"]
[EventCountry "CAN"]

1. e4 e6 2. d4 d5 3. exd5 exd5 4. Bd3 c5 5. c3 c4 6. Bc2 Bd6 7. Qf3 Ne7 8. Ne2
Nbc6 9. Bf4 O-O 10. Qg3 Bxf4 11. Nxf4 Ng6 12. O-O Nce7 13. Nxg6 fxg6 14. Nd2
Nf5 15. Bxf5 Bxf5 16. b3 b5 17. Rfe1 Qa5 18. a4 b4 19. Rac1 Bd3 20. bxc4 dxc4
21. Re5 Qxa4 22. Ree1 Rae8 23. f3 a5 24. Ne4 b3 25. Ra1 Qb5 26. Nd6 Rxe1+ 27.
Qxe1 Qd5 28. Rxa5 Qxd6 29. Rb5 Rb8 0-1

[Event "Mercredi 2022.03.02 ABCDE"]
[Site "Montreal CAN"]
[Date "2022.03.23"]
[Round "4"]
[White "Rodrigue-Lemieux, Shawn"]
[Black "Beaudry, Marc-Andre"]
[Result "1/2-1/2"]
[WhiteElo "2417"]
[BlackElo "2020"]
[PlyCount "82"]
[EventDate "2022.03.02"]
[EventType "tourn"]
[EventRounds "5"]
[EventCountry "CAN"]

1. c4 c5 2. g3 Nf6 3. Bg2 d5 4. cxd5 Nxd5 5. Nc3 Nc7 6. Nf3 Nc6 7. O-O e5 8. a3
Rb8 9. Rb1 Be7 10. b4 cxb4 11. axb4 b5 12. e3 Be6 13. d4 exd4 14. Nxd4 Nxd4 15.
exd4 Nd5 16. Bxd5 Bxd5 17. Nxd5 Qxd5 18. Re1 Rb7 19. Re5 Qd7 20. Bg5 f6 21.
Bxf6 gxf6 22. Qh5+ Kf8 23. Re4 Rg8 24. Qxh7 Rg7 25. Qh8+ Rg8 26. Qh6+ Rg7 27.
Rbe1 Kg8 28. Qe3 Qd5 29. Rf4 Rb8 30. Qa3 Rf8 31. Re3 Bd6 32. Rfe4 f5 33. Re8 f4
34. Rxf8+ Bxf8 35. Re5 Qxd4 36. Rxb5 Qd1+ 37. Kg2 Qe2 38. Qb3+ Rf7 39. Rg5+ Bg7
40. Qf3 Qxf3+ 41. Kxf3 fxg3+ 1/2-1/2

[Event "Mercredi 2022.03.02 ABCDE"]
[Site "Montreal CAN"]
[Date "2022.03.23"]
[Round "4"]
[White "Shahabi, Shahab"]
[Black "Neron, Raynald"]
[Result "1-0"]
[WhiteElo "1551"]
[BlackElo "1559"]
[PlyCount "35"]
[EventDate "2022.03.02"]
[EventType "tourn"]
[EventRounds "5"]
[EventCountry "CAN"]

1. d4 Nf6 2. Nf3 g6 3. e3 Bg7 4. Bd3 d5 5. Nbd2 O-O 6. O-O Nc6 7. c3 Re8 8. Re1
Bg4 9. Qc2 e5 10. Bb5 exd4 11. cxd4 Bf5 12. Qa4 Bd7 13. Qd1 Nb4 14. Bxd7 Qxd7
15. Nb3 Qb5 16. Bd2 Nd3 17. Qe2 Nd7 18. Nc1 1-0

[Event "Mercredi 2022.03.02 ABCDE"]
[Site "Montreal CAN"]
[Date "2022.03.23"]
[Round "4"]
[White "Singher, Jean-Pierre"]
[Black "Boudreau, Daniel"]
[Result "1-0"]
[WhiteElo "2009"]
[BlackElo "1944"]
[PlyCount "71"]
[EventDate "2022.03.02"]
[EventType "tourn"]
[EventRounds "5"]
[EventCountry "CAN"]

1. d4 Nf6 2. c4 e6 3. Nf3 b6 4. a3 Bb7 5. Nc3 Be7 6. Qc2 d5 7. cxd5 exd5 8. Bg5
Nbd7 9. e3 O-O 10. Bd3 Rc8 11. O-O Ne4 12. Bxe7 Qxe7 13. Qe2 f5 14. Rac1 Rf6
15. Ba6 Nxc3 16. Rxc3 Bxa6 17. Qxa6 Qd8 18. Qxa7 c6 19. Qa4 Rh6 20. Rfc1 Qc7
21. Qc2 f4 22. Qf5 Qd6 23. Qxf4 Qe6 24. Ng5 Qe7 25. e4 Rf6 26. Qe3 Rg6 27. f4
h6 28. Nf3 dxe4 29. Ne5 Nxe5 30. dxe5 Re6 31. Qxe4 c5 32. Rd3 c4 33. Rxc4 Rxc4
34. Qxc4 b5 35. Qd4 Kh7 36. b4 1-0

[Event "Mercredi 2022.03.02 ABCDE"]
[Site "Montreal CAN"]
[Date "2022.03.30"]
[Round "5"]
[White "Bardyn, Renaud"]
[Black "Gauthier, Luc"]
[Result "1-0"]
[WhiteElo "1722"]
[BlackElo "1622"]
[PlyCount "93"]
[EventDate "2022.03.02"]
[EventType "tourn"]
[EventRounds "5"]
[EventCountry "CAN"]

1. e4 Nf6 2. e5 Nd5 3. c4 Nb6 4. Nc3 d6 5. f4 dxe5 6. fxe5 Nc6 7. Qe2 Nd4 8.
Qd1 Bf5 9. d3 e6 10. Nf3 Bg4 11. Be2 Nxe2 12. Qxe2 Be7 13. Be3 Bxf3 14. gxf3
Bh4+ 15. Kf1 Qd7 16. Rd1 O-O-O 17. Rg1 f5 18. f4 Qf7 19. Nb5 a6 20. Nd4 Rhf8
21. Nf3 Be7 22. Qf2 Nxc4 23. Rc1 Nxe3+ 24. Qxe3 Kb8 25. d4 h6 26. Qc3 Rc8 27.
h4 Qh5 28. Rxg7 Rfe8 29. Ke2 c5 30. Qb3 Rc7 31. dxc5 Rec8 32. c6 Qe8 33. Nd4
Qh5+ 34. Ke3 Qxh4 35. Qxe6 Qh3+ 36. Nf3 Bc5+ 37. Rxc5 Rxg7 38. Qd6+ Rcc7 39.
cxb7 Kxb7 40. Qd5+ Kb8 41. Qd8+ Kb7 42. b4 Rxc5 43. bxc5 Rc7 44. Qd5+ Kb8 45.
c6 Qf1 46. Qd8+ Rc8 47. Qb6+ 1-0

[Event "Mercredi 2022.03.02 ABCDE"]
[Site "Montreal CAN"]
[Date "2022.03.30"]
[Round "5"]
[White "Barko, Maxim"]
[Black "Batorshyn, Ilia"]
[Result "0-1"]
[WhiteElo "1945"]
[BlackElo "1709"]
[PlyCount "76"]
[EventDate "2022.03.02"]
[EventType "tourn"]
[EventRounds "5"]
[EventCountry "CAN"]

1. e4 c6 2. Nf3 d5 3. Nc3 dxe4 4. Nxe4 Nf6 5. Qe2 Nxe4 6. Qxe4 Nd7 7. Bc4 e6 8.
d4 Be7 9. Bf4 Nf6 10. Qe2 Nd5 11. Bg3 O-O 12. O-O b6 13. Ne5 Bb7 14. Rad1 Bd6
15. c3 Qe7 16. Nd3 Rfd8 17. Rfe1 Bxg3 18. hxg3 c5 19. dxc5 bxc5 20. Qe5 Rac8
21. Nf4 Nxf4 22. gxf4 g6 23. b3 Rc6 24. Bf1 Rc7 25. Rd3 Rxd3 26. Bxd3 Rd7 27.
Re3 Qd8 28. Bc4 Bd5 29. Bb5 f6 30. Bxd7 fxe5 31. Bb5 exf4 32. Rd3 Qg5 33. f3
Bb7 34. Bc4 Bd5 35. Bb5 Kg7 36. c4 Ba8 37. Bd7 e5 38. Be6 e4 0-1

[Event "Mercredi 2022.03.02 ABCDE"]
[Site "Montreal CAN"]
[Date "2022.03.30"]
[Round "5"]
[White "Beaudry, Marc-Andre"]
[Black "Lopez Linares, Lizandro"]
[Result "0-1"]
[WhiteElo "2020"]
[BlackElo "2217"]
[PlyCount "60"]
[EventDate "2022.03.02"]
[EventType "tourn"]
[EventRounds "5"]
[EventCountry "CAN"]

1. d4 d5 2. c4 c6 3. Nc3 Nf6 4. e3 e6 5. Nf3 Nbd7 6. Qc2 Bd6 7. Bd3 Qe7 8. O-O
dxc4 9. Bxc4 e5 10. h3 O-O 11. a3 b5 12. Ba2 Bb7 13. Nxe5 Nxe5 14. dxe5 Bxe5
15. Bd2 Rfe8 16. Rac1 a5 17. Ne2 Rec8 18. Nd4 g6 19. Bb1 b4 20. axb4 axb4 21.
f4 Bd6 22. e4 c5 23. Nf5 gxf5 24. e5 Ne4 25. exd6 Qxd6 26. Be3 c4 27. Rfd1 Qg6
28. Qe2 c3 29. Bd4 Re8 30. Rc2 b3 0-1

[Event "Mercredi 2022.03.02 ABCDE"]
[Site "Montreal CAN"]
[Date "2022.03.30"]
[Round "5"]
[White "Boudreau, Daniel"]
[Black "Latorre, Vincent"]
[Result "1/2-1/2"]
[WhiteElo "1944"]
[BlackElo "1970"]
[PlyCount "72"]
[EventDate "2022.03.02"]
[EventType "tourn"]
[EventRounds "5"]
[EventCountry "CAN"]

1. e4 g6 2. d4 Bg7 3. Nc3 d6 4. Be3 a6 5. Qd2 b5 6. O-O-O Bb7 7. f3 Nd7 8. h4
h5 9. Nh3 Rc8 10. Ng5 c5 11. dxc5 Nxc5 12. Bd4 Bxd4 13. Qxd4 e5 14. Qxd6 Qxd6
15. Rxd6 Ke7 16. Rd2 Nf6 17. Be2 Rc7 18. a3 Rhc8 19. Kb1 Bc6 20. Rhd1 Rb7 21.
b4 Ne6 22. Nxe6 Kxe6 23. Na2 Nd7 24. Nc1 Nb6 25. Nb3 Na4 26. Rd3 Rbc7 27. R1d2
Ke7 28. Na5 Bd7 29. Bf1 Be6 30. Rd6 Rc3 31. R6d3 Rxd3 32. Rxd3 f5 33. Kc1 Nc3
34. Kd2 Nb1+ 35. Kc1 Nc3 36. Kd2 Nb1+ 1/2-1/2

[Event "Mercredi 2022.03.02 ABCDE"]
[Site "Montreal CAN"]
[Date "2022.03.30"]
[Round "5"]
[White "Cardin, Guillaume"]
[Black "Rodrigue-Lemieux, Shawn"]
[Result "0-1"]
[WhiteElo "2010"]
[BlackElo "2417"]
[PlyCount "64"]
[EventDate "2022.03.02"]
[EventType "tourn"]
[EventRounds "5"]
[EventCountry "CAN"]

1. e4 c6 2. Nc3 d5 3. Nf3 dxe4 4. Nxe4 Nf6 5. Qe2 Nxe4 6. Qxe4 Nd7 7. Bc4 Nf6
8. Ne5 e6 9. Qe2 b5 10. Bd3 Qc7 11. a4 b4 12. b3 Bd6 13. Bb2 O-O 14. O-O-O Nd5
15. g3 f6 16. Nc4 Bc5 17. Rde1 e5 18. h4 Qf7 19. h5 Ne7 20. h6 Bf5 21. hxg7
Rfd8 22. Bxf5 Nxf5 23. Qe4 Qg6 24. Nxe5 fxe5 25. Qc4+ Rd5 26. Rxe5 Nd6 27. Qa6
Rxe5 28. Bxe5 Qe4 29. Rh5 Re8 30. Bf6 Bd4 31. Bxd4 Qxd4 32. c3 bxc3 0-1

[Event "Mercredi 2022.03.02 ABCDE"]
[Site "Montreal CAN"]
[Date "2022.03.30"]
[Round "5"]
[White "Chapdelaine, Gwyn"]
[Black "Beaulieu, Pierre"]
[Result "1-0"]
[WhiteElo "1709"]
[BlackElo "1896"]
[PlyCount "63"]
[EventDate "2022.03.02"]
[EventType "tourn"]
[EventRounds "5"]
[EventCountry "CAN"]

1. e4 c5 2. Nc3 Nc6 3. f4 g6 4. Nf3 Bg7 5. Bc4 a6 6. a4 e6 7. O-O Nge7 8. d3 d6
9. Qe1 O-O 10. Qf2 d5 11. Ba2 d4 12. Ne2 b5 13. axb5 axb5 14. Bd2 c4 15. dxc4
d3 16. cxd3 Bxb2 17. cxb5 Bxa1 18. Rxa1 Nb8 19. f5 Rxa2 20. Rxa2 exf5 21. Ra8
fxe4 22. Rxb8 exf3 23. Qxf3 Nf5 24. b6 Qd6 25. Bf4 Qb4 26. h3 Nh4 27. Qf2 Nf5
28. Ng3 Nxg3 29. Qxg3 Re8 30. b7 Qb1+ 31. Kh2 Qc2 32. Bc7 1-0